| 000 | 00357nam a2200133Ia 4500 | ||
|---|---|---|---|
| 008 | 240112s1958 AUG. xx 000 0 und d | ||
| 022 | _a54-6097 | ||
| 041 | _aeng | ||
| 082 | _a618.92705 | ||
| 100 | _aBARWIN H. | ||
| 245 | _aPEDIATRIC CLINICS OF NORTH AMERICA: SYMPOSIUM ON BEHAVIOR DISORDERS | ||
| 260 |
_bSAUNDERS _c1958 AUG. |
||
| 300 | _a864,HB | ||
| 999 |
_c1141492 _d1141492 |
||